[Event "RUS-ch Girls U21 2021"]
[Site "Loo"]
[Date "2021.04.29"]
[Round "9.2"]
[White "Nasyrova, Ekaterina"]
[Black "Goltseva, Ekaterina"]
[Result "1-0"]
[WhiteElo "2273"]
[BlackElo "2269"]
[Annotator "NA"]
[PlyCount "111"]
[EventDate "2021.04.21"]
[EventType "swiss"]
[EventCountry "RUS"]
[SourceTitle "playchess.com"]
[Source "ChessBase"]
[SourceQuality "1"]
[TimeControl "40/5400+30:1800+30"]

1. c4 {[%emt 0:00:00]} Nf6 {[%emt 0:02:28]} 2. d4 {[%emt 0:00:00]} e6 {[%emt 0:00:08]} 3. Nc3 {[%emt 0:00:05]} Bb4 {[%emt 0:00:05]} 4. e3 {[%emt 0:00:12]} O-O {[%emt 0:00:19]} 5. Bd2 {[%emt 0:00:12]} b6 {[%emt 0:00:48]} 6. Nf3 {[%emt 0:00:35]} c5 {[%emt 0:01:01]} 7. a3 {[%emt 0:01:46]} Bxc3 {[%emt 0:00:11]} 8. Bxc3 {[%emt 0:00:14]} Ne4 {[%emt 0:00:35]} 9. Qc2 {[%emt 0:01:53]} Nxc3 {[%emt 0:05:31]} 10. Qxc3 {[%emt 0:00:35]} Bb7 {[%emt 0:03:48]} 11. Be2 {[%emt 0:01:20]} Qe7 {[%emt 0:05:54]} 12. O-O {[%emt 0:00:50]} cxd4 {[%emt 0:10:57]} 13. exd4 {[%emt 0:18:01]} d6 {[%emt 0:02:12]} 14. b4 {[%emt 0:02:27]} Nd7 {[%emt 0:03:02]} 15. Rfe1 {[%emt 0:01:31]} Qf6 {[%emt 0:04:23]} 16. Rac1 {[%emt 0:02:24]} Rac8 {[%emt 0:02:10]} 17. Qe3 {[%emt 0:04:21]} Rfe8 {[%emt 0:11:04]} 18. Nd2 {[%emt 0:02:30]} Qg6 {[%emt 0:10:27]} 19. f3 {[%emt 0:03:35]} e5 {[%emt 0:05:09]} 20. d5 {[%emt 0:01:17]} f5 {[%emt 0:05:31]} 21. Nb3 {[%emt 0:10:39]} Nf6 {[%emt 0:02:40]} 22. a4 {[%emt 0:02:29]} Qf7 {[%emt 0:04:54]} 23. Qd2 {[%emt 0:07:04]} Rc7 {[%emt 0:05:12]} 24. Bd3 {[%emt 0:09:15]} Qh5 {[%emt 0:04:22]} 25. a5 {[%emt 0:10:23]} b5 {[%emt 0:02:44]} 26. a6 {[%emt 0:01:12]} Bxa6 {[%emt 0:01:19]} 27. c5 {[%emt 0:06:07]} e4 {[%emt 0:01:04]} 28. Be2 {[%emt 0:06:03]} Qf7 {[%emt 0:00:32]} 29. Qa2 {[%emt 0:00:16]} exf3 {[%emt 0:02:10]} 30. Bxf3 {[%emt 0:01:43]} Bc8 {[%emt 0:00:22]} 31. Nd4 {[%emt 0:05:50]} a6 {[%emt 0:03:49]} 32. cxd6 {[%emt 0:00:21]} Rxc1 {[%emt 0:00:16]} 33. Rxc1 {[%emt 0:00:01]} Qd7 {[%emt 0:00:48]} 34. Rc6 {[%emt 0:00:36]} Ne4 {[%emt 0:00:31]} 35. Bxe4 {[%emt 0:01:04]} fxe4 {[%emt 0:00:04]} 36. Ne6 {[%emt 0:00:22]} Qa7+ {[%emt 0:00:43]} 37. Qf2 {[%emt 0:00:36]} e3 {[%emt 0:00:26]} 38. Qe2 {[%emt 0:00:15]} Bxe6 {[%emt 0:00:43]} 39. dxe6 {[%emt 0:00:07]} Qd4 {[%emt 0:00:35]} 40. e7 {[%emt 0:00:00]} Qd5 {[%emt 0:00:00]} 41. Qxe3 {[%emt 0:17:14]} Qxc6 {[%emt 0:06:45]} 42. Qe6+ {[%emt 0:00:09]} Kh8 {[%emt 0:00:04]} 43. d7 {[%emt 0:00:17]} Qc1+ {[%emt 0:00:43]} 44. Kf2 {[%emt 0:00:08]} Qd2+ {[%emt 0:14:53]} 45. Kf3 {[%emt 0:00:59]} Qd3+ {[%emt 0:02:51]} 46. Kg4 {[%emt 0:02:10]} h5+ {[%emt 0:02:27]} 47. Kh4 {[%emt 0:05:02]} Qd4+ {[%emt 0:02:33]} 48. Kxh5 {[%emt 0:01:40]} g6+ {[%emt 0:00:37]} 49. Kxg6 {[%emt 0:01:24]} Rxe7 {[%emt 0:02:36]} 50. Qxe7 {[%emt 0:00:16]} Qg4+ {[%emt 0:00:06]} 51. Kf7 {[%emt 0:00:49]} Qh5+ {[%emt 0:00:24]} 52. Ke6 {[%emt 0:01:14]} Qg4+ {[%emt 0:00:19]} 53. Ke5 {[%emt 0:00:15]} Qh5+ {[%emt 0:00:55]} 54. Kd6 {[%emt 0:00:27]} Qd1+ {[%emt 0:00:26]} 55. Kc7 {[%emt 0:00:34]} Qc2+ {[%emt 0:00:19]} 56. Kb8 {[%emt 0:00:11]} 1-0

[Event "RUS-ch Girls U21 2021"]
[Site "Loo"]
[Date "2021.04.29"]
[Round "9.3"]
[White "Nosacheva, Mariya"]
[Black "Zotova, Anastasia"]
[Result "1-0"]
[WhiteElo "2199"]
[BlackElo "2160"]
[Annotator "NA"]
[PlyCount "81"]
[EventDate "2021.04.21"]
[EventType "swiss"]
[EventCountry "RUS"]
[SourceTitle "playchess.com"]
[Source "ChessBase"]
[SourceQuality "1"]
[TimeControl "40/5400+30:1800+30"]

1. e4 {[%emt 0:00:00]} c5 {[%emt 0:00:00]} 2. Nf3 {[%emt 0:00:00]} d6 {[%emt 0:00:00]} 3. d4 {[%emt 0:00:05]} cxd4 {[%emt 0:00:00]} 4. Nxd4 {[%emt 0:00:04]} Nf6 {[%emt 0:00:04]} 5. Nc3 {[%emt 0:00:04]} a6 {[%emt 0:00:06]} 6. Bg5 {[%emt 0:00:14]} e6 {[%emt 0:00:31]} 7. f4 {[%emt 0:00:17]} Nbd7 {[%emt 0:00:28]} 8. Qf3 {[%emt 0:00:37]} Qc7 {[%emt 0:01:02]} 9. O-O-O {[%emt 0:00:20]} b5 {[%emt 0:00:57]} 10. e5 {[%emt 0:01:26]} Bb7 {[%emt 0:00:32]} 11. Qh3 {[%emt 0:00:23]} dxe5 {[%emt 0:07:04]} 12. Nxe6 {[%emt 0:01:08]} fxe6 {[%emt 0:03:35]} 13. Qxe6+ {[%emt 0:00:19]} Be7 {[%emt 0:00:26]} 14. Bxb5 {[%emt 0:00:22]} axb5 {[%emt 0:04:52]} 15. Nxb5 {[%emt 0:00:18]} Qc6 {[%emt 0:01:50]} 16. Nd6+ {[%emt 0:00:19]} Kd8 {[%emt 0:01:02]} 17. fxe5 {[%emt 0:00:17]} Rc8 {[%emt 0:05:36]} 18. Nxb7+ {[%emt 0:23:40]} Kc7 {[%emt 0:04:59]} 19. Qxc6+ {[%emt 0:25:55]} Kxc6 {[%emt 0:00:19]} 20. Na5+ {[%emt 0:00:20]} Kb6 {[%emt 0:02:02]} 21. exf6 {[%emt 0:00:25]} Bxf6 {[%emt 0:00:47]} 22. Bxf6 {[%emt 0:00:19]} Nxf6 {[%emt 0:00:16]} 23. Nb3 {[%emt 0:01:03]} Ng4 {[%emt 0:00:40]} 24. Rd7 {[%emt 0:02:44]} Rhf8 {[%emt 0:01:56]} 25. Rhd1 {[%emt 0:02:16]} Ne3 {[%emt 0:00:43]} 26. R1d6+ {[%emt 0:00:40]} Rc6 {[%emt 0:01:06]} 27. Rxc6+ {[%emt 0:01:15]} Kxc6 {[%emt 0:00:05]} 28. Rxg7 {[%emt 0:00:21]} Rf2 {[%emt 0:00:31]} 29. Rg3 {[%emt 0:02:43]} Nc4 {[%emt 0:00:48]} 30. Rd3 {[%emt 0:03:08]} Rxg2 {[%emt 0:00:33]} 31. Nd4+ {[%emt 0:00:41]} Kc5 {[%emt 0:00:20]} 32. Ne6+ {[%emt 0:04:19]} Kc6 {[%emt 0:00:20]} 33. b3 {[%emt 0:00:32]} Ne5 {[%emt 0:00:45]} 34. Rh3 {[%emt 0:05:42]} Ng4 {[%emt 0:00:35]} 35. Rg3 {[%emt 0:00:17]} Rxg3 {[%emt 0:00:31]} 36. hxg3 {[%emt 0:00:07]} Kd5 {[%emt 0:00:15]} 37. Nf4+ {[%emt 0:00:20]} Ke4 {[%emt 0:00:16]} 38. a4 {[%emt 0:04:19]} Ne5 {[%emt 0:00:26]} 39. Kd2 {[%emt 0:02:15]} Kf3 {[%emt 0:00:14]} 40. Ne2 {[%emt 0:00:00]} h5 {[%emt 0:00:00]} 41. a5 {[%emt 0:02:03]} 1-0

[Event "RUS-ch Girls U21 2021"]
[Site "Loo"]
[Date "2021.04.29"]
[Round "9.4"]
[White "Grigorieva, Yulia"]
[Black "Sakorenko, Adriana"]
[Result "0-1"]
[WhiteElo "2236"]
[BlackElo "2216"]
[Annotator "NA"]
[PlyCount "68"]
[EventDate "2021.04.21"]
[EventType "swiss"]
[EventCountry "RUS"]
[SourceTitle "playchess.com"]
[Source "ChessBase"]
[SourceQuality "1"]
[TimeControl "40/5400+30:1800+30"]

1. e4 {[%emt 0:00:00]} c6 {[%emt 0:00:00]} 2. d4 {[%emt 0:00:00]} d5 {[%emt 0:00:00]} 3. e5 {[%emt 0:00:00]} c5 {[%emt 0:00:00]} 4. dxc5 {[%emt 0:00:00]} e6 {[%emt 0:00:00]} 5. Qg4 {[%emt 0:00:00]} Nd7 {[%emt 0:01:36]} 6. Nf3 {[%emt 0:01:57]} Nxc5 {[%emt 0:03:45]} 7. Nc3 {[%emt 0:10:22]} a6 {[%emt 0:04:00]} 8. Be2 {[%emt 0:07:23]} Qc7 {[%emt 0:03:02]} 9. O-O {[%emt 0:04:19]} Ne7 {[%emt 0:00:50]} 10. Re1 {[%emt 0:08:48]} Nf5 {[%emt 0:08:19]} 11. b4 {[%emt 0:07:05]} Nb3 {[%emt 0:23:12]} 12. cxb3 {[%emt 0:24:17]} Qxc3 {[%emt 0:00:24]} 13. Bd2 {[%emt 0:00:17]} Qc7 {[%emt 0:01:03]} 14. Bd3 {[%emt 0:04:27]} Qb6 {[%emt 0:07:19]} 15. Qf4 {[%emt 0:02:34]} h6 {[%emt 0:05:50]} 16. Bxf5 {[%emt 0:02:00]} exf5 {[%emt 0:00:08]} 17. Nd4 {[%emt 0:04:50]} g5 {[%emt 0:07:45]} 18. Qe3 {[%emt 0:00:13]} f4 {[%emt 0:00:13]} 19. Qd3 {[%emt 0:01:49]} Be6 {[%emt 0:01:43]} 20. a4 {[%emt 0:01:37]} Bg7 {[%emt 0:03:53]} 21. h4 {[%emt 0:06:32]} O-O {[%emt 0:07:47]} 22. hxg5 {[%emt 0:03:01]} hxg5 {[%emt 0:00:02]} 23. g3 {[%emt 0:06:22]} fxg3 {[%emt 0:01:20]} 24. Kg2 {[%emt 0:00:40]} gxf2 {[%emt 0:04:51]} 25. Rh1 {[%emt 0:00:01]} Rfe8 {[%emt 0:02:52]} 26. b5 {[%emt 0:02:57]} Bxe5 {[%emt 0:05:36]} 27. Qh7+ {[%emt 0:00:46]} Kf8 {[%emt 0:00:03]} 28. Bb4+ {[%emt 0:00:13]} Re7 {[%emt 0:02:57]} 29. Qh6+ {[%emt 0:01:11]} Ke8 {[%emt 0:00:56]} 30. Bxe7 {[%emt 0:00:35]} Qxd4 {[%emt 0:01:17]} 31. Bxg5 {[%emt 0:00:39]} Qg4+ {[%emt 0:02:09]} 32. Kxf2 {[%emt 0:00:34]} Qg3+ {[%emt 0:01:00]} 33. Ke2 {[%emt 0:00:24]} Bg4+ {[%emt 0:00:48]} 34. Kf1 {[%emt 0:00:28]} Qf3+ {[%emt 0:00:15]} 0-1

[Event "RUS-ch Girls U21 2021"]
[Site "Loo"]
[Date "2021.04.29"]
[Round "9.5"]
[White "Kochukova, Anna"]
[Black "Serditykh, Olesya"]
[Result "1/2-1/2"]
[WhiteElo "2108"]
[BlackElo "1961"]
[Annotator "NA"]
[PlyCount "124"]
[EventDate "2021.04.21"]
[EventType "swiss"]
[EventCountry "RUS"]
[SourceTitle "playchess.com"]
[Source "ChessBase"]
[SourceQuality "1"]
[TimeControl "40/5400+30:1800+30"]

1. e4 {[%emt 0:00:00]} e6 {[%emt 0:00:00]} 2. d4 {[%emt 0:00:00]} d5 {[%emt 0:00:00]} 3. Nd2 {[%emt 0:00:00]} c5 {[%emt 0:00:00]} 4. Ngf3 {[%emt 0:00:03]} cxd4 {[%emt 0:00:33]} 5. Nxd4 {[%emt 0:00:12]} Nc6 {[%emt 0:00:10]} 6. Bb5 {[%emt 0:00:47]} Bd7 {[%emt 0:00:11]} 7. Nxc6 {[%emt 0:00:07]} Bxc6 {[%emt 0:00:31]} 8. Bxc6+ {[%emt 0:00:02]} bxc6 {[%emt 0:00:03]} 9. O-O {[%emt 0:01:21]} Bd6 {[%emt 0:01:47]} 10. exd5 {[%emt 0:02:48]} cxd5 {[%emt 0:00:40]} 11. Nf3 {[%emt 0:01:51]} Nf6 {[%emt 0:00:49]} 12. Bg5 {[%emt 0:01:13]} O-O {[%emt 0:01:16]} 13. Qd4 {[%emt 0:01:35]} Be7 {[%emt 0:02:48]} 14. Ne5 {[%emt 0:01:20]} Qc7 {[%emt 0:00:22]} 15. Rfe1 {[%emt 0:08:01]} Bc5 {[%emt 0:01:38]} 16. Qh4 {[%emt 0:03:12]} Ne4 {[%emt 0:01:42]} 17. Nd3 {[%emt 0:00:29]} Nxg5 {[%emt 0:01:25]} 18. Qxg5 {[%emt 0:00:02]} Be7 {[%emt 0:00:14]} 19. Qd2 {[%emt 0:00:49]} Bf6 {[%emt 0:01:19]} 20. Rac1 {[%emt 0:01:13]} Rfc8 {[%emt 0:01:03]} 21. c3 {[%emt 0:01:01]} Rab8 {[%emt 0:02:21]} 22. Qe2 {[%emt 0:03:19]} Qc4 {[%emt 0:02:08]} 23. b3 {[%emt 0:04:02]} Qa6 {[%emt 0:01:07]} 24. Ne5 {[%emt 0:01:07]} Qxe2 {[%emt 0:05:32]} 25. Rxe2 {[%emt 0:00:02]} Rb7 {[%emt 0:00:16]} 26. f4 {[%emt 0:01:52]} Rbc7 {[%emt 0:00:14]} 27. Rec2 {[%emt 0:10:51]} Be7 {[%emt 0:05:25]} 28. c4 {[%emt 0:08:08]} Bc5+ {[%emt 0:03:04]} 29. Kf1 {[%emt 0:00:01]} Be3 {[%emt 0:00:34]} 30. Rd1 {[%emt 0:00:16]} Bxf4 {[%emt 0:00:53]} 31. Nd3 {[%emt 0:00:09]} Bd6 {[%emt 0:02:57]} 32. Rcd2 {[%emt 0:00:53]} dxc4 {[%emt 0:07:36]} 33. Ne5 {[%emt 0:02:05]} Be7 {[%emt 0:00:16]} 34. Nxc4 {[%emt 0:00:51]} g6 {[%emt 0:00:29]} 35. Ke2 {[%emt 0:01:43]} f6 {[%emt 0:03:41]} 36. Rd7 {[%emt 0:00:33]} Kf8 {[%emt 0:00:29]} 37. Kf3 {[%emt 0:00:28]} Ke8 {[%emt 0:02:05]} 38. R7d4 {[%emt 0:00:16]} Rd8 {[%emt 0:02:48]} 39. Rxd8+ {[%emt 0:02:14]} Bxd8 {[%emt 0:00:10]} 40. Rd6 {[%emt 0:00:00]} Ke7 {[%emt 0:00:00]} 41. Ra6 {[%emt 0:02:00]} Rd7 {[%emt 0:01:16]} 42. Ke2 {[%emt 0:01:29]} Rb7 {[%emt 0:03:05]} 43. Nd6 {[%emt 0:00:53]} Rb8 {[%emt 0:02:37]} 44. Nc4 {[%emt 0:03:18]} Bb6 {[%emt 0:03:59]} 45. Nxb6 {[%emt 0:03:08]} axb6 {[%emt 0:00:11]} 46. Ra7+ {[%emt 0:00:04]} Kd6 {[%emt 0:00:07]} 47. Rxh7 {[%emt 0:00:07]} b5 {[%emt 0:00:16]} 48. Ra7 {[%emt 0:04:34]} Kd5 {[%emt 0:00:12]} 49. Kd3 {[%emt 0:04:38]} g5 {[%emt 0:03:34]} 50. h3 {[%emt 0:07:25]} Ke5 {[%emt 0:02:19]} 51. Ke3 {[%emt 0:02:57]} Kf5 {[%emt 0:05:09]} 52. Ra5 {[%emt 0:02:58]} e5 {[%emt 0:00:22]} 53. g4+ {[%emt 0:01:28]} Ke6 {[%emt 0:01:14]} 54. Ke4 {[%emt 0:00:13]} Rb6 {[%emt 0:00:19]} 55. b4 {[%emt 0:01:11]} Kd6 {[%emt 0:00:32]} 56. a3 {[%emt 0:06:21]} Ke6 {[%emt 0:00:28]} 57. Ra8 {[%emt 0:03:32]} Kd6 {[%emt 0:00:40]} 58. Rd8+ {[%emt 0:05:22]} Ke6 {[%emt 0:00:10]} 59. Rd5 {[%emt 0:02:20]} Rb7 {[%emt 0:01:02]} 60. Rc5 {[%emt 0:02:38]} Rb6 {[%emt 0:00:11]} 61. Rc8 {[%emt 0:03:58]} Kd7 {[%emt 0:05:21]} 62. Rc5 {[%emt 0:01:53]} Ke6 {[%emt 0:00:07]} 1/2-1/2

[Event "RUS-ch Girls U21 2021"]
[Site "Loo"]
[Date "2021.04.29"]
[Round "9.6"]
[White "Pankova, Julia"]
[Black "Stroganova, Karina"]
[Result "1/2-1/2"]
[WhiteElo "1884"]
[BlackElo "1731"]
[Annotator "NA"]
[PlyCount "81"]
[EventDate "2021.04.21"]
[EventType "swiss"]
[EventCountry "RUS"]
[SourceTitle "playchess.com"]
[Source "ChessBase"]
[SourceQuality "1"]
[TimeControl "40/5400+30:1800+30"]

1. e4 {[%emt 0:00:00]} d5 {[%emt 0:00:00]} 2. exd5 {[%emt 0:00:00]} Nf6 {[%emt 0:00:00]} 3. Bb5+ {[%emt 0:00:25]} Nbd7 {[%emt 0:01:54]} 4. c4 {[%emt 0:05:01]} a6 {[%emt 0:02:44]} 5. Bxd7+ {[%emt 0:03:10]} Qxd7 {[%emt 0:10:45]} 6. d3 {[%emt 0:08:03]} b5 {[%emt 0:03:26]} 7. Qe2 {[%emt 0:06:37]} Qd6 {[%emt 0:07:47]} 8. Nf3 {[%emt 0:07:20]} bxc4 {[%emt 0:06:22]} 9. dxc4 {[%emt 0:00:09]} Qb4+ {[%emt 0:00:17]} 10. Nc3 {[%emt 0:02:08]} Bg4 {[%emt 0:00:35]} 11. O-O {[%emt 0:05:10]} Bxf3 {[%emt 0:00:26]} 12. gxf3 {[%emt 0:18:31]} c6 {[%emt 0:03:24]} 13. dxc6 {[%emt 0:02:46]} Rc8 {[%emt 0:00:15]} 14. Bf4 {[%emt 0:11:08]} Rxc6 {[%emt 0:00:41]} 15. Rad1 {[%emt 0:00:34]} Qxc4 {[%emt 0:02:46]} 16. Qd2 {[%emt 0:01:01]} Rc8 {[%emt 0:01:13]} 17. Rfe1 {[%emt 0:13:30]} Qc6 {[%emt 0:11:29]} 18. Re3 {[%emt 0:03:01]} e6 {[%emt 0:00:50]} 19. Rd3 {[%emt 0:02:48]} Be7 {[%emt 0:00:36]} 20. Bd6 {[%emt 0:01:34]} Qb7 {[%emt 0:04:29]} 21. Bxe7 {[%emt 0:03:59]} Qxe7 {[%emt 0:00:10]} 22. Qg5 {[%emt 0:01:00]} O-O {[%emt 0:01:28]} 23. Ne4 {[%emt 0:00:50]} h6 {[%emt 0:04:01]} 24. Nxf6+ {[%emt 0:00:20]} Qxf6 {[%emt 0:00:06]} 25. Qxf6 {[%emt 0:00:05]} gxf6 {[%emt 0:00:04]} 26. Rd6 {[%emt 0:01:37]} Rc2 {[%emt 0:02:09]} 27. Rxa6 {[%emt 0:00:45]} Rxb2 {[%emt 0:00:09]} 28. Rd7 {[%emt 0:01:48]} Kg7 {[%emt 0:04:46]} 29. Rxe6 {[%emt 0:00:25]} Rxa2 {[%emt 0:00:09]} 30. Ree7 {[%emt 0:00:11]} Kg6 {[%emt 0:00:57]} 31. Kg2 {[%emt 0:00:15]} Rb8 {[%emt 0:04:06]} 32. Rb7 {[%emt 0:00:57]} Rc8 {[%emt 0:01:32]} 33. Rbc7 {[%emt 0:00:17]} Rxc7 {[%emt 0:01:19]} 34. Rxc7 {[%emt 0:00:05]} h5 {[%emt 0:00:10]} 35. Rc5 {[%emt 0:01:23]} Rb2 {[%emt 0:00:16]} 36. Kg3 {[%emt 0:00:20]} f5 {[%emt 0:01:19]} 37. Rc6+ {[%emt 0:00:08]} f6 {[%emt 0:00:07]} 38. Rc4 {[%emt 0:00:12]} Rb1 {[%emt 0:00:39]} 39. Kg2 {[%emt 0:00:15]} Kg5 {[%emt 0:00:39]} 40. h4+ {[%emt 0:00:00]} Kg6 {[%emt 0:00:00]} 41. Ra4 {[%emt 0:00:19]} 1/2-1/2

[Event "RUS-ch Girls U21 2021"]
[Site "Loo"]
[Date "2021.04.29"]
[Round "9.7"]
[White "Emelyanova, Victoria"]
[Black "Garmash, Aliona"]
[Result "0-1"]
[WhiteElo "1765"]
[BlackElo "2120"]
[Annotator "NA"]
[PlyCount "94"]
[EventDate "2021.04.21"]
[EventType "swiss"]
[EventCountry "RUS"]
[SourceTitle "playchess.com"]
[Source "ChessBase"]
[SourceQuality "1"]
[TimeControl "40/5400+30:1800+30"]

1. c4 {[%emt 0:00:00]} c6 {[%emt 0:01:06]} 2. e4 {[%emt 0:00:00]} d5 {[%emt 0:00:04]} 3. exd5 {[%emt 0:00:00]} cxd5 {[%emt 0:00:04]} 4. d4 {[%emt 0:00:00]} Nf6 {[%emt 0:00:08]} 5. Nc3 {[%emt 0:00:00]} e6 {[%emt 0:00:44]} 6. Nf3 {[%emt 0:00:28]} Bb4 {[%emt 0:01:01]} 7. Qb3 {[%emt 0:02:41]} Nc6 {[%emt 0:01:49]} 8. Bg5 {[%emt 0:07:24]} O-O {[%emt 0:17:07]} 9. Bd3 {[%emt 0:08:29]} dxc4 {[%emt 0:02:52]} 10. Bxc4 {[%emt 0:00:13]} Be7 {[%emt 0:03:40]} 11. Qd1 {[%emt 0:08:44]} a6 {[%emt 0:06:35]} 12. O-O {[%emt 0:05:27]} b5 {[%emt 0:01:29]} 13. Bb3 {[%emt 0:01:20]} Bb7 {[%emt 0:07:18]} 14. Re1 {[%emt 0:08:59]} Na5 {[%emt 0:14:09]} 15. Bc2 {[%emt 0:03:33]} Nc4 {[%emt 0:03:42]} 16. b3 {[%emt 0:15:19]} Nb6 {[%emt 0:05:17]} 17. Qd3 {[%emt 0:02:50]} g6 {[%emt 0:00:24]} 18. Ne5 {[%emt 0:07:24]} Nbd5 {[%emt 0:08:00]} 19. Nxd5 {[%emt 0:03:35]} Nxd5 {[%emt 0:00:48]} 20. Bxe7 {[%emt 0:03:55]} Qxe7 {[%emt 0:00:04]} 21. Qg3 {[%emt 0:03:49]} Rac8 {[%emt 0:02:24]} 22. Rac1 {[%emt 0:06:22]} Rc3 {[%emt 0:00:42]} 23. Bd3 {[%emt 0:03:20]} Rfc8 {[%emt 0:01:33]} 24. Rxc3 {[%emt 0:00:17]} Rxc3 {[%emt 0:00:11]} 25. f3 {[%emt 0:02:25]} Qb4 {[%emt 0:10:41]} 26. Qh4 {[%emt 0:01:51]} f6 {[%emt 0:02:51]} 27. Bxg6 {[%emt 0:01:52]} hxg6 {[%emt 0:02:06]} 28. Nxg6 {[%emt 0:00:40]} Rc6 {[%emt 0:02:29]} 29. Qh8+ {[%emt 0:00:55]} Kf7 {[%emt 0:00:05]} 30. Qh7+ {[%emt 0:00:44]} Ke8 {[%emt 0:00:04]} 31. Rxe6+ {[%emt 0:02:05]} Rxe6 {[%emt 0:00:15]} 32. Qg8+ {[%emt 0:00:15]} Kd7 {[%emt 0:00:10]} 33. Nf8+ {[%emt 0:00:08]} Kc7 {[%emt 0:01:31]} 34. Nxe6+ {[%emt 0:00:30]} Kd6 {[%emt 0:00:14]} 35. h3 {[%emt 0:01:16]} Qe1+ {[%emt 0:00:09]} 36. Kh2 {[%emt 0:00:04]} Qxe6 {[%emt 0:00:06]} 37. Qb8+ {[%emt 0:00:56]} Kc6 {[%emt 0:00:06]} 38. Qa7 {[%emt 0:00:29]} Qd6+ {[%emt 0:00:22]} 39. g3 {[%emt 0:00:12]} Nb6 {[%emt 0:01:11]} 40. a4 {[%emt 0:00:00]} Qxd4 {[%emt 0:00:00]} 41. axb5+ {[%emt 0:00:36]} Kc7 {[%emt 0:02:02]} 42. h4 {[%emt 0:00:04]} Qf2+ {[%emt 0:00:00]} 43. Kh3 {[%emt 0:00:30]} Qf1+ {[%emt 0:00:16]} 44. Kh2 {[%emt 0:00:30]} Qxb5 {[%emt 0:00:30]} 45. Kh3 {[%emt 0:01:48]} Qf1+ {[%emt 0:00:08]} 46. Kg4 {[%emt 0:00:22]} Qxf3+ {[%emt 0:00:06]} 47. Kh3 {[%emt 0:00:06]} f5 {[%emt 0:00:06]} 0-1

[Event "RUS-ch Girls U21 2021"]
[Site "Loo"]
[Date "2021.04.29"]
[Round "9.8"]
[White "Filippova, Darya"]
[Black "Bogdanova, Darya"]
[Result "1-0"]
[WhiteElo "1915"]
[BlackElo "1762"]
[Annotator "NA"]
[PlyCount "85"]
[EventDate "2021.04.21"]
[EventType "swiss"]
[EventCountry "RUS"]
[SourceTitle "playchess.com"]
[Source "ChessBase"]
[SourceQuality "1"]
[TimeControl "40/5400+30:1800+30"]

1. c4 {[%emt 0:00:00]} f5 {[%emt 0:01:08]} 2. Nc3 {[%emt 0:01:13]} Nf6 {[%emt 0:00:07]} 3. d4 {[%emt 0:10:08]} g6 {[%emt 0:00:12]} 4. Bg5 {[%emt 0:01:00]} Bg7 {[%emt 0:00:15]} 5. Nf3 {[%emt 0:02:12]} d6 {[%emt 0:01:57]} 6. h4 {[%emt 0:05:42]} h6 {[%emt 0:05:39]} 7. Bxf6 {[%emt 0:01:03]} Bxf6 {[%emt 0:00:11]} 8. e4 {[%emt 0:00:08]} fxe4 {[%emt 0:16:00]} 9. Nxe4 {[%emt 0:00:10]} Bg7 {[%emt 0:01:06]} 10. Bd3 {[%emt 0:01:11]} Bf5 {[%emt 0:03:59]} 11. Ng3 {[%emt 0:00:34]} e6 {[%emt 0:01:48]} 12. h5 {[%emt 0:00:39]} Qf6 {[%emt 0:05:28]} 13. hxg6 {[%emt 0:00:28]} Bxg6 {[%emt 0:01:24]} 14. Ne4 {[%emt 0:09:03]} Qf7 {[%emt 0:04:47]} 15. Qc2 {[%emt 0:01:06]} Bf5 {[%emt 0:05:10]} 16. g4 {[%emt 0:01:35]} Bh7 {[%emt 0:01:36]} 17. Rh3 {[%emt 0:05:02]} Nc6 {[%emt 0:12:07]} 18. Nxd6+ {[%emt 0:01:36]} cxd6 {[%emt 0:00:04]} 19. Bxh7 {[%emt 0:00:09]} O-O-O {[%emt 0:00:13]} 20. Be4 {[%emt 0:03:47]} Nxd4 {[%emt 0:01:33]} 21. Nxd4 {[%emt 0:00:09]} Bxd4 {[%emt 0:00:07]} 22. Rb3 {[%emt 0:02:25]} Rd7 {[%emt 0:08:49]} 23. Rf3 {[%emt 0:00:42]} Qg7 {[%emt 0:01:07]} 24. Rd1 {[%emt 0:06:11]} Bxb2 {[%emt 0:08:53]} 25. c5 {[%emt 0:02:43]} d5 {[%emt 0:00:36]} 26. Bd3 {[%emt 0:03:10]} Rc7 {[%emt 0:02:50]} 27. Bb5 {[%emt 0:01:07]} Bd4 {[%emt 0:02:18]} 28. c6 {[%emt 0:00:49]} bxc6 {[%emt 0:01:49]} 29. Bxc6 {[%emt 0:01:03]} Qxg4 {[%emt 0:03:09]} 30. Rdd3 {[%emt 0:02:05]} Bb6 {[%emt 0:04:50]} 31. Qb2 {[%emt 0:04:58]} Rd8 {[%emt 0:01:35]} 32. Rc3 {[%emt 0:02:25]} Qd4 {[%emt 0:01:23]} 33. Qb5 {[%emt 0:00:47]} Qe5+ {[%emt 0:02:35]} 34. Kf1 {[%emt 0:00:18]} Rg8 {[%emt 0:00:28]} 35. Qb4 {[%emt 0:01:09]} Qg7 {[%emt 0:00:34]} 36. Qd6 {[%emt 0:01:00]} Ba5 {[%emt 0:00:55]} 37. Qxe6+ {[%emt 0:00:42]} Kb8 {[%emt 0:00:49]} 38. Rg3 {[%emt 0:02:11]} Bxc3 {[%emt 0:00:46]} 39. Rxg7 {[%emt 0:00:23]} Rcxg7 {[%emt 0:00:36]} 40. Qd6+ {[%emt 0:00:00]} Rc7 {[%emt 0:00:00]} 41. Qxd5 {[%emt 0:01:15]} Rg6 {[%emt 0:04:04]} 42. Qb5+ {[%emt 0:00:09]} Kc8 {[%emt 0:00:36]} 43. Qf5+ {[%emt 0:00:08]} 1-0

[Event "RUS-ch Girls U21 2021"]
[Site "Loo"]
[Date "2021.04.29"]
[Round "9.9"]
[White "Shvedova, Alexandra"]
[Black "Badmaeva, Baina"]
[Result "1-0"]
[WhiteElo "2000"]
[BlackElo "1751"]
[Annotator "NA"]
[PlyCount "73"]
[EventDate "2021.04.21"]
[EventType "swiss"]
[EventCountry "RUS"]
[SourceTitle "playchess.com"]
[Source "ChessBase"]
[SourceQuality "1"]
[TimeControl "40/5400+30:1800+30"]

1. e4 {[%emt 0:00:00]} c5 {[%emt 0:00:00]} 2. Ne2 {[%emt 0:00:00]} d6 {[%emt 0:00:00]} 3. g3 {[%emt 0:00:00]} g6 {[%emt 0:00:00]} 4. Bg2 {[%emt 0:00:01]} Bg7 {[%emt 0:00:00]} 5. c3 {[%emt 0:00:08]} Nf6 {[%emt 0:00:43]} 6. d4 {[%emt 0:00:08]} cxd4 {[%emt 0:00:05]} 7. cxd4 {[%emt 0:00:02]} O-O {[%emt 0:00:32]} 8. Nbc3 {[%emt 0:00:21]} Nc6 {[%emt 0:00:17]} 9. O-O {[%emt 0:00:08]} Bd7 {[%emt 0:00:41]} 10. h3 {[%emt 0:00:30]} Rc8 {[%emt 0:00:32]} 11. Be3 {[%emt 0:00:35]} Qa5 {[%emt 0:01:28]} 12. f4 {[%emt 0:05:46]} Rfd8 {[%emt 0:05:20]} 13. a3 {[%emt 0:08:44]} Qh5 {[%emt 0:05:50]} 14. g4 {[%emt 0:14:00]} Bxg4 {[%emt 0:00:37]} 15. hxg4 {[%emt 0:00:04]} Nxg4 {[%emt 0:00:06]} 16. Rf3 {[%emt 0:00:04]} Nxe3 {[%emt 0:02:48]} 17. Rxe3 {[%emt 0:00:05]} e5 {[%emt 0:00:32]} 18. d5 {[%emt 0:14:22]} Nd4 {[%emt 0:04:08]} 19. Rh3 {[%emt 0:00:45]} Nxe2+ {[%emt 0:02:30]} 20. Nxe2 {[%emt 0:00:17]} Qg4 {[%emt 0:00:05]} 21. fxe5 {[%emt 0:08:19]} Bxe5 {[%emt 0:00:50]} 22. Nc3 {[%emt 0:00:37]} Qg5 {[%emt 0:02:26]} 23. Kh1 {[%emt 0:01:54]} Rc4 {[%emt 0:00:21]} 24. Qf3 {[%emt 0:04:24]} Rdc8 {[%emt 0:01:50]} 25. Rg1 {[%emt 0:03:38]} Qd2 {[%emt 0:04:21]} 26. Bf1 {[%emt 0:01:42]} R4c7 {[%emt 0:11:40]} 27. Qh5 {[%emt 0:04:14]} Qf4 {[%emt 0:18:29]} 28. Qxh7+ {[%emt 0:02:34]} Kf8 {[%emt 0:00:04]} 29. Bg2 {[%emt 0:00:54]} Bg7 {[%emt 0:05:25]} 30. Rf1 {[%emt 0:01:36]} Qg5 {[%emt 0:00:18]} 31. Rhf3 {[%emt 0:00:40]} a6 {[%emt 0:07:51]} 32. Bh3 {[%emt 0:00:51]} Re8 {[%emt 0:00:19]} 33. Rg1 {[%emt 0:07:38]} Qh5 {[%emt 0:00:52]} 34. Qxh5 {[%emt 0:00:14]} gxh5 {[%emt 0:00:05]} 35. Bf5 {[%emt 0:00:57]} h4 {[%emt 0:02:51]} 36. Rg4 {[%emt 0:00:25]} Ke7 {[%emt 0:00:50]} 37. Rxg7 {[%emt 0:00:11]} 1-0